| 000 | 01364nam a22003134a 4500 | ||
|---|---|---|---|
| 001 | ebr10069077 | ||
| 003 | CaPaEBR | ||
| 006 | m u | ||
| 007 | cr cn||||||||| | ||
| 008 | 040323s2004 ilu s 000 0 eng | ||
| 010 | _z 2004006706 | ||
| 020 | _z0793191866 | ||
| 040 |
_aCaPaEBR _cCaPaEBR |
||
| 035 | _a(OCoLC)70773597 | ||
| 050 | 1 | 4 |
_aHD58.8 _b.D427 2004eb |
| 082 | 0 | 4 |
_a650.1/3 _222 |
| 100 | 1 |
_aDecker, Charles, _d1952- |
|
| 245 | 1 | 0 |
_aLessons from the hive _h[electronic resource] : _bthe buzz on surviving and thriving in an ever-changing workplace / _cCharles Decker. |
| 260 |
_aChicago : _bDearborn Trade Pub., _cc2004. |
||
| 300 | _aix, 112 p. | ||
| 505 | 0 | _aFor the sake of change -- Wicks and sticks -- As bees in honey drown -- Loose cannons -- Re-imagining the future -- Feelin' groovy -- Refrigerator wisdom -- New behavior -- Show time. | |
| 533 |
_aElectronic reproduction. _bPalo Alto, Calif. : _cebrary, _d2013. _nAvailable via World Wide Web. _nAccess may be limited to ebrary affiliated libraries. |
||
| 650 | 0 | _aOrganizational change. | |
| 650 | 0 | _aConsolidation and merger of corporations. | |
| 650 | 0 | _aManagement. | |
| 655 | 7 |
_aElectronic books. _2local |
|
| 710 | 2 | _aebrary, Inc. | |
| 856 | 4 | 0 |
_uhttp://site.ebrary.com/lib/rucke/Doc?id=10069077 _zAn electronic book accessible through the World Wide Web; click to view |
| 999 |
_c42042 _d42042 |
||